[Event "Frank K Berry ch-USA"]
[Site "Tulsa USA"]
[Date "2008.05.17"]
[Round "5"]
[White "Finegold, B."]
[Black "Shankland, S."]
[Result "1-0"]
[WhiteElo "2539"]
[BlackElo "2296"]
[PlyCount "173"]
[EventDate "2008.05.13"]

1. d4 d5 2. Nc3 Nf6 3. Bg5 Bf5 4. Bxf6 gxf6 5. e3 c6 6. Bd3 Bg6 7. Nge2 e6 8.
O-O Bd6 9. e4 Nd7 10. Qd2 Qc7 11. exd5 cxd5 12. Nb5 Qb6 13. a4 a6 14. a5 Qc6
15. Nxd6+ Qxd6 16. Ra3 Rc8 17. Re1 Rg8 18. Ng3 Kf8 19. Qh6+ Rg7 20. Rb3 Rc7 21.
Bxg6 fxg6 22. Rbe3 Rc6 23. h4 Kg8 24. Rxe6 Qxe6 25. Rxe6 Rxe6 26. Qf4 f5 27.
Nf1 Rge7 28. Ne3 Nf6 29. g3 Kf7 30. Qb8 Rd7 31. Kg2 Re8 32. Qa7 Re4 33. Kf3 Ng4
34. Nxd5 Rxd5 35. Qxb7+ Ke6 36. Qxa6+ Rd6 37. Qc8+ Rd7 38. a6 Rexd4 39. a7 Rd2
40. Kg2 Rxf2+ 41. Kg1 Rfd2 42. Qxd7+ Kxd7 43. a8=Q Rd1+ 44. Kg2 Rd2+ 45. Kf1
Rxc2 46. Qa4+ Ke7 47. Ke1 Rc7 48. Qf4 Rd7 49. b4 Nf6 50. b5 Ne4 51. Qe5+ Kf7
52. b6 Nd6 53. Kf2 Nb7 54. Kf3 Nd8 55. Qh8 Ke6 56. Kf4 Kd6 57. Qd4+ Kc6 58.
Qa4+ Kd6 59. Kg5 Ne6+ 60. Kh6 Nc5 61. Qa8 Nb7 62. Qb8+ Ke6 63. Qe8+ Re7 64.
Qg8+ Kf6 65. Qd5 Rf7 66. Qc6+ Ke5 67. Kg5 Nd6 68. Qc5+ Ke6 69. Kf4 Re7 70. Qc6
Rf7 71. Ke3 Rd7 72. Kd4 Ke7 73. Qc5 Kd8 74. Ke5 Nf7+ 75. Ke6 Ke8 76. Kf6 Nd8
77. Qb5 Nb7 78. Qe5+ Kf8 79. Qb8+ Nd8 80. b7 Rf7+ 81. Kg5 Rxb7 82. Qxd8+ Kg7
83. Qd4+ Kg8 84. Qd5+ Rf7 85. Kh6 f4 86. gxf4 g5 87. Qxg5+ 1-0

[Event "Frank K Berry ch-USA"]
[Site "Tulsa USA"]
[Date "2008.05.17"]
[Round "5"]
[White "Ludwig, Dan"]
[Black "Kraai, J."]
[Result "1-0"]
[WhiteElo "2357"]
[BlackElo "2509"]
[PlyCount "89"]
[EventDate "2008.05.13"]

1. e4 e6 2. d4 d5 3. Nd2 Nf6 4. e5 Nfd7 5. Bd3 c5 6. c3 Nc6 7. Ne2 cxd4 8. cxd4
f6 9. exf6 Nxf6 10. Nf3 Bd6 11. O-O Qc7 12. Ng3 O-O 13. Bd2 Bd7 14. Rc1 Qb6 15.
Bc3 Rae8 16. Ne5 Re7 17. a3 Be8 18. b4 Nd7 19. Nf3 a6 20. Rb1 h6 21. a4 Qc7 22.
b5 axb5 23. axb5 Na5 24. Bb4 Bxb4 25. Rxb4 Ref7 26. Re1 Rf6 27. Qb1 Nb6 28. Rb2
Nac4 29. Rbe2 Qf7 30. h3 Bd7 31. Nh4 Be8 32. Nf3 Rxf3 33. gxf3 Qxf3 34. Bf5 Bd7
35. Bg4 Qc3 36. Rd1 Na3 37. Qg6 Rf6 38. Bxe6+ Bxe6 39. Qe8+ Kh7 40. Rxe6 Qf3
41. Rxf6 Qxf6 42. Re1 Nbc4 43. Re6 Qg5 44. h4 Qg4 45. h5 1-0

[Event "Frank K Berry ch-USA"]
[Site "Tulsa USA"]
[Date "2008.05.17"]
[Round "5"]
[White "Ivanov, AV USA."]
[Black "Kaufman, La"]
[Result "1-0"]
[WhiteElo "2560"]
[BlackElo "2365"]
[PlyCount "67"]
[EventDate "2008.05.13"]

1. e4 e5 2. Nf3 d6 3. d4 exd4 4. Nxd4 Nf6 5. Nc3 Be7 6. g3 Nc6 7. Bg2 O-O 8.
Nde2 Re8 9. h3 Rb8 10. Be3 Bf8 11. g4 b5 12. g5 Nd7 13. Qd2 a5 14. b3 Nc5 15.
Ng3 b4 16. Nd5 Ne5 17. f4 Ng6 18. O-O-O Ba6 19. Qf2 Nd7 20. h4 c6 21. h5 Nh8
22. Nf6+ gxf6 23. gxf6 Nxf6 24. Bf3 a4 25. Nf5 axb3 26. Qg2+ Ng6 27. hxg6 b2+
28. Kb1 fxg6 29. Rxh7 Nxh7 30. Qxg6+ Kh8 31. Bd4+ Re5 32. fxe5 c5 33. Bxb2 c4
34. Rg1 1-0

[Event "Frank K Berry ch-USA"]
[Site "Tulsa USA"]
[Date "2008.05.17"]
[Round "5"]
[White "Gulko, B."]
[Black "Vigorito, D."]
[Result "1/2-1/2"]
[WhiteElo "2559"]
[BlackElo "2405"]
[PlyCount "48"]
[EventDate "2008.05.13"]

1. d4 d5 2. c4 c6 3. Nf3 Nf6 4. Nc3 dxc4 5. a4 Bf5 6. e3 e6 7. Bxc4 Bb4 8. O-O
Nbd7 9. Qe2 Bg6 10. e4 O-O 11. Bd3 Bh5 12. e5 Nd5 13. Nxd5 cxd5 14. Qe3 Re8 15.
Ng5 Bg6 16. f4 Bxd3 17. Qxd3 f5 18. Qb5 Qe7 19. Qxb7 h6 20. Nh3 a6 21. Be3 Reb8
22. Qc7 Rc8 23. Qb7 Rcb8 24. Qc7 Rc8 1/2-1/2

[Event "Frank K Berry ch-USA"]
[Site "Tulsa USA"]
[Date "2008.05.17"]
[Round "5"]
[White "Friedel, J."]
[Black "Becerra Rivero, J."]
[Result "1/2-1/2"]
[WhiteElo "2484"]
[BlackElo "2575"]
[PlyCount "87"]
[EventDate "2008.05.13"]

1. e4 c6 2. d4 d5 3. Nc3 dxe4 4. Nxe4 Nd7 5. Ng5 Ngf6 6. Bd3 e6 7. N1f3 Bd6 8.
Qe2 h6 9. Ne4 Nxe4 10. Qxe4 Nf6 11. Qe2 b6 12. Ne5 Bb7 13. Bf4 Qc7 14. Bg3
O-O-O 15. O-O-O Rhe8 16. Kb1 Re7 17. f4 Kb8 18. Rhe1 c5 19. dxc5 Qxc5 20. Bf2
Qc7 21. Bh4 Ree8 22. g3 Rg8 23. Ng4 Be7 24. Bxf6 Bxf6 25. Nxf6 gxf6 26. Be4
Bxe4 27. Qxe4 Rxd1+ 28. Rxd1 Rd8 29. Rxd8+ Qxd8 30. b3 Qd2 31. h4 Qf2 32. Qa4
Kc7 33. Qxa7+ Kc6 34. Qa4+ Kc7 35. Qc4+ Kd6 36. Qb4+ Kd5 37. Qc4+ Kd6 38. Qb4+
Kd5 39. Qc3 e5 40. Qc4+ Kd6 41. Qxf7 Qg1+ 42. Kb2 Qd4+ 43. c3 Qf2+ 44. Ka3
1/2-1/2

[Event "Frank K Berry ch-USA"]
[Site "Tulsa USA"]
[Date "2008.05.17"]
[Round "5"]
[White "Gurevich, D."]
[Black "Langer, M USA."]
[Result "1/2-1/2"]
[WhiteElo "2513"]
[BlackElo "2254"]
[PlyCount "117"]
[EventDate "2008.05.13"]

1. c4 Nf6 2. Nc3 c5 3. g3 d5 4. cxd5 Nxd5 5. Bg2 Nc7 6. Qa4+ Qd7 7. Qxd7+ Nxd7
8. Nf3 g6 9. d4 cxd4 10. Nxd4 a6 11. O-O Bg7 12. Rd1 O-O 13. b3 Nb5 14. Ncxb5
axb5 15. Bg5 Re8 16. e4 Nf8 17. Be3 Ne6 18. Bf1 Bd7 19. Rac1 Rxa2 20. Nxb5 Bc6
21. f3 Bf6 22. Na7 Nd4 23. Bxd4 Bxd4+ 24. Rxd4 Rxa7 25. Rb4 Rd8 26. Rc2 Ra1 27.
Kf2 Rb1 28. Be2 Kg7 29. h4 f5 30. Bb5 Bxb5 31. Rxb5 Rd3 32. exf5 Rbxb3 33. Rxb3
Rxb3 34. fxg6 hxg6 35. g4 Kf6 36. Kg3 Rb4 37. Rc3 b5 38. Rc6+ Kf7 39. Rb6 Kg7
40. Rb8 Kf7 41. Rb7 Kf6 42. g5+ Ke6 43. Rb6+ Kf7 44. f4 Kg7 45. Rb7 Kf7 46. Kg4
Ke6 47. Rb8 Kf7 48. Rb6 Kg7 49. Re6 Kf7 50. Re5 Rb1 51. f5 Rb4+ 52. Kg3 Rb3+
53. Kf4 Rb4+ 54. Re4 Ra4 55. Ke5 Kg7 56. Kd5 Kf7 57. fxg6+ Kxg6 58. Re6+ Kf5
59. Re5+ 1/2-1/2

[Event "Frank K Berry ch-USA"]
[Site "Tulsa USA"]
[Date "2008.05.18"]
[Round "6"]
[White "Perelshteyn, E."]
[Black "Friedel, J."]
[Result "1/2-1/2"]
[WhiteElo "2552"]
[BlackElo "2484"]
[PlyCount "70"]
[EventDate "2008.05.13"]

1. e4 e5 2. Nf3 Nc6 3. d4 exd4 4. Nxd4 Bc5 5. Nxc6 Qf6 6. Qf3 bxc6 7. Nc3 Bd4
8. Qg3 h5 9. h4 Ne7 10. Bg5 Qe5 11. Qxe5 Bxe5 12. O-O-O Bxc3 13. bxc3 d6 14.
Be3 Be6 15. a4 a5 16. Be2 f6 17. Rdg1 Kf7 18. g4 hxg4 19. Bxg4 Bxg4 20. Rxg4
Rh5 21. Rhg1 g6 22. f3 Rb8 23. Bf2 Rb7 24. R4g2 Rh8 25. Be1 Ke6 26. Rh2 c5 27.
h5 Rxh5 28. Rxh5 gxh5 29. Rh1 f5 30. Rxh5 fxe4 31. fxe4 Nc8 32. e5 Nb6 33. Bg3
dxe5 34. Rxe5+ Kd7 35. Rxc5 Nxa4 1/2-1/2

[Event "Frank K Berry ch-USA"]
[Site "Tulsa USA"]
[Date "2008.05.18"]
[Round "6"]
[White "Gulko, B."]
[Black "Ivanov, AV USA."]
[Result "1/2-1/2"]
[WhiteElo "2559"]
[BlackElo "2560"]
[PlyCount "61"]
[EventDate "2008.05.13"]

1. d4 Nf6 2. c4 e6 3. g3 Bb4+ 4. Bd2 Be7 5. Bg2 d5 6. Nf3 O-O 7. O-O c6 8. Bf4
Nbd7 9. Nc3 Nh5 10. Bc1 f5 11. b3 Bd6 12. Bg5 Qa5 13. Bd2 Qd8 14. c5 Bc7 15.
Rc1 Qe8 16. e3 Nhf6 17. Ne2 Ne4 18. Nf4 e5 19. Nxe5 Nxe5 20. dxe5 Bxe5 21. f3
Nxd2 22. Qxd2 g5 23. Ne2 f4 24. exf4 gxf4 25. Nxf4 Bxf4 26. gxf4 Qf7 27. Rfe1
Bd7 28. Qb4 Rab8 29. Qa5 Qxf4 30. Qxa7 Rf6 31. Rc2 1/2-1/2

[Event "Frank K Berry ch-USA"]
[Site "Tulsa USA"]
[Date "2008.05.18"]
[Round "6"]
[White "Vigorito, D."]
[Black "Gurevich, D."]
[Result "0-1"]
[WhiteElo "2405"]
[BlackElo "2513"]
[PlyCount "72"]
[EventDate "2008.05.13"]

1. d4 d5 2. c4 c6 3. Nf3 Nf6 4. Nc3 e6 5. Bg5 Nbd7 6. e3 Qa5 7. Nd2 dxc4 8.
Bxf6 Nxf6 9. Nxc4 Qc7 10. Be2 Be7 11. O-O O-O 12. Rc1 Rd8 13. a3 c5 14. b4 cxd4
15. exd4 Qf4 16. Nb5 Bd7 17. g3 Qb8 18. Ne5 Bxb5 19. Bxb5 Qd6 20. Re1 Qb6 21.
Bf1 Rxd4 22. Qf3 Rf8 23. Bg2 Rb8 24. Rc3 Rdd8 25. g4 Rf8 26. Rd3 Qb5 27. g5 Nd5
28. Qg4 Bd6 29. Be4 g6 30. Nxf7 Rxf7 31. Qxe6 Qb6 32. Bf3 Bxh2+ 33. Kxh2 Qxe6
34. Rxe6 Nf4 35. Ree3 Nxd3 36. Rxd3 Rf5 0-1

[Event "Frank K Berry ch-USA"]
[Site "Tulsa USA"]
[Date "2008.05.18"]
[Round "6"]
[White "Galant, S."]
[Black "Kaufman, La"]
[Result "1/2-1/2"]
[WhiteElo "2235"]
[BlackElo "2365"]
[PlyCount "108"]
[EventDate "2008.05.13"]

1. e4 c6 2. d4 d5 3. exd5 cxd5 4. c4 Nf6 5. Nc3 Nc6 6. Nf3 Bg4 7. cxd5 Nxd5 8.
Qb3 Bxf3 9. gxf3 Nb6 10. d5 Nd4 11. Qd1 e5 12. dxe6 Nxe6 13. Bb5+ Nd7 14. Be3
a6 15. Bxd7+ Qxd7 16. Qxd7+ Kxd7 17. O-O Bc5 18. Rfd1+ Kc6 19. Rac1 a5 20. Bxc5
Nxc5 21. Ne4 b6 22. Rd6+ Kc7 23. Rd5 Rhb8 24. Nxc5 Kc6 25. Re5 bxc5 26. Rcxc5+
Kd6 27. Rcd5+ Kc6 28. Rxa5 Rxa5 29. Rxa5 Rxb2 30. Ra7 f5 31. Rxg7 Rxa2 32. Rxh7
Kd6 33. Kg2 Ke5 34. Kg3 Ra1 35. f4+ Kf6 36. Rh6+ Kg7 37. Rb6 Rg1+ 38. Kf3 Kf7
39. Rh6 Ra1 40. Rh5 Kf6 41. h4 Ra3+ 42. Kg2 Ra4 43. Kg3 Ra3+ 44. f3 Ra1 45. Rg5
Rh1 46. Rh5 Ra1 47. Kg2 Ra4 48. Kg3 Ra1 49. Rh6+ Kg7 50. Rb6 Rh1 51. Ra6 Kf7
52. Rh6 Kg7 53. Rh5 Kf6 54. Rg5 Ra1 1/2-1/2

[Event "Frank K Berry ch-USA"]
[Site "Tulsa USA"]
[Date "2008.05.18"]
[Round "6"]
[White "Shulman, Y."]
[Black "Kudrin, S."]
[Result "1-0"]
[WhiteElo "2606"]
[BlackElo "2549"]
[PlyCount "101"]
[EventDate "2008.05.13"]

1. d4 Nf6 2. c4 g6 3. Nc3 d5 4. cxd5 Nxd5 5. e4 Nxc3 6. bxc3 Bg7 7. Nf3 c5 8.
Rb1 O-O 9. Be2 b6 10. O-O Bb7 11. Qd3 e6 12. Bg5 Qc7 13. Qe3 Nd7 14. Rfd1 Nf6
15. Nd2 cxd4 16. cxd4 Rac8 17. h3 Qc2 18. Bd3 Qa4 19. Bb5 Qc2 20. Re1 Qc3 21.
Bd3 e5 22. d5 Nd7 23. Bb5 Qxe3 24. Rxe3 Bf6 25. h4 Bxg5 26. hxg5 Nc5 27. Nc4 h6
28. Nxe5 hxg5 29. f3 Kg7 30. Ra3 Ra8 31. Bc6 Rfb8 32. Rc3 f6 33. Bxb7 Rxb7 34.
Rxc5 fxe5 35. Rc6 Re8 36. Kf2 g4 37. Rbc1 gxf3 38. gxf3 Rf7 39. Rc7 Ref8 40.
Ke3 Kh6 41. Rxf7 Rxf7 42. Rc6 b5 43. Re6 a5 44. Rxe5 b4 45. Re6 Rb7 46. Ra6 b3
47. axb3 Rxb3+ 48. Kf4 Ra3 49. d6 Kg7 50. Ke5 Rxf3 51. d7 1-0

[Event "Frank K Berry ch-USA"]
[Site "Tulsa USA"]
[Date "2008.05.18"]
[Round "6"]
[White "Ippolito, D."]
[Black "Langer, M USA."]
[Result "1/2-1/2"]
[WhiteElo "2425"]
[BlackElo "2254"]
[PlyCount "138"]
[EventDate "2008.05.13"]

1. d4 Nf6 2. c4 c5 3. d5 e6 4. Nc3 exd5 5. cxd5 d6 6. e4 g6 7. f4 Bg7 8. Bb5+
Nfd7 9. a4 O-O 10. Nf3 Na6 11. O-O Nb4 12. Re1 a6 13. Bf1 Re8 14. h3 f5 15. Ng5
Bd4+ 16. Be3 Nf6 17. Ne6 Bxe6 18. dxe6 Bxe3+ 19. Rxe3 fxe4 20. Nxe4 Nxe4 21.
Rxe4 d5 22. Re5 Qf6 23. Qg4 Rad8 24. Rd1 Kg7 25. Rc1 c4 26. Rd1 b5 27. axb5
axb5 28. Qg3 Nc6 29. Rexd5 Rxd5 30. Rxd5 Qxb2 31. Qg5 Rxe6 32. f5 Rf6 33. Rd7+
Kg8 34. Qh6 Rf7 35. Rd6 Rxf5 36. Rxc6 Qf2+ 37. Kh2 Qxf1 38. Rb6 Qf4+ 39. Qxf4
Rxf4 40. Rxb5 Kg7 41. Rc5 Kf6 42. g4 Ke6 43. Kg3 Kd6 44. Rc8 g5 45. h4 h6 46.
hxg5 hxg5 47. Rg8 Rd4 48. Rg6+ Kd5 49. Rxg5+ Ke4 50. Rc5 Kd3 51. g5 c3 52. Rc6
c2 53. g6 Kd2 54. g7 Rd8 55. Kf4 Rg8 56. Rd6+ Kc3 57. Rc6+ Kb2 58. Rb6+ Kc3 59.
Rc6+ Kd2 60. Rd6+ Kc1 61. Rg6 Kd1 62. Rd6+ Ke2 63. Rc6 Kd3 64. Rd6+ Kc4 65.
Rc6+ Kb3 66. Rb6+ Ka3 67. Rc6 Kb2 68. Rb6+ Kc1 69. Rg6 Kd1 1/2-1/2

[Event "Frank K Berry ch-USA"]
[Site "Tulsa USA"]
[Date "2008.05.18"]
[Round "6"]
[White "Shankland, S."]
[Black "Fedorowicz, J."]
[Result "0-1"]
[WhiteElo "2296"]
[BlackElo "2459"]
[PlyCount "72"]
[EventDate "2008.05.13"]

1. e4 c5 2. Nf3 e6 3. d4 cxd4 4. Nxd4 a6 5. Bd3 Bc5 6. Nb3 Be7 7. Nc3 d6 8. Be3
Nf6 9. f4 Qc7 10. g4 b5 11. g5 Nfd7 12. a4 b4 13. Nb1 g6 14. h4 e5 15. N1d2
exf4 16. Bxf4 Nc6 17. Nc4 Nce5 18. Bxe5 Nxe5 19. Nxe5 dxe5 20. Qe2 Be6 21. Nd2
h5 22. Bc4 Bg4 23. Qd3 O-O 24. Bd5 Rad8 25. Nc4 Rxd5 26. exd5 e4 27. d6 Bxd6
28. Qxd6 Qxc4 29. Qd2 Qc5 30. c3 e3 31. Qd4 Qc6 32. Rf1 Bh3 33. O-O-O e2 34.
Rf6 exd1=Q+ 35. Qxd1 Be6 36. Qd3 Qh1+ 0-1

[Event "Frank K Berry ch-USA"]
[Site "Tulsa USA"]
[Date "2008.05.18"]
[Round "6"]
[White "Yermolinsky, A."]
[Black "Kaidanov, G."]
[Result "1/2-1/2"]
[WhiteElo "2518"]
[BlackElo "2596"]
[PlyCount "96"]
[EventDate "2008.05.13"]

1. d4 d5 2. c4 e6 3. Nc3 c6 4. e4 dxe4 5. Nxe4 Bb4+ 6. Nc3 c5 7. a3 Ba5 8. dxc5
Bxc3+ 9. bxc3 Qxd1+ 10. Kxd1 Nc6 11. Be2 e5 12. Nf3 f5 13. Re1 Nf6 14. Bd3 Ng4
15. Ra2 O-O 16. h3 e4 17. hxg4 exf3 18. Bf4 fxg2 19. Bd6 Rd8 20. gxf5 b6 21.
Be4 Bb7 22. Bd5+ Kh8 23. Bxg2 Rd7 24. Rae2 h5 25. Re8+ Rxe8 26. Rxe8+ Kh7 27.
Ke1 bxc5 28. Bxc5 Na5 29. Bxb7 Rxb7 30. Re7 Rxe7+ 31. Bxe7 Nxc4 32. Ke2 Kg8 33.
Kd3 Kf7 34. Bc5 Ne5+ 35. Ke4 h4 36. Bd4 Nc4 37. Bxa7 Nxa3 38. Bb8 h3 39. Kf3
Kf6 40. Kg3 Kxf5 41. Bd6 Nc4 42. Bc5 g5 43. Kxh3 g4+ 44. Kg3 Nd2 45. Kg2 Ke4
46. Bd4 Nc4 47. Kg3 Kf5 48. Be3 Nd6 1/2-1/2

[Event "Frank K Berry ch-USA"]
[Site "Tulsa USA"]
[Date "2008.05.18"]
[Round "6"]
[White "Kraai, J."]
[Black "Pruess, D."]
[Result "1/2-1/2"]
[WhiteElo "2509"]
[BlackElo "2425"]
[PlyCount "102"]
[EventDate "2008.05.13"]

1. Nf3 g6 2. e4 Nf6 3. e5 Nd5 4. Bc4 Nb6 5. Bb3 Bg7 6. d4 O-O 7. O-O d6 8. Re1
Nc6 9. exd6 cxd6 10. d5 Ne5 11. Nxe5 dxe5 12. Bg5 Bf5 13. Nc3 Qd7 14. Qe2 h6
15. Be3 Nc8 16. f3 g5 17. Ne4 Nd6 18. Bf2 Bg6 19. c4 Nf5 20. Bc2 Rac8 21. Rac1
e6 22. dxe6 Qxe6 23. Ng3 a6 24. Nxf5 Bxf5 25. Bxf5 Qxf5 26. c5 Rfd8 27. Red1
Qe6 28. b4 Qc6 29. a3 Qa4 30. Rd3 Rxd3 31. Qxd3 Bf6 32. h3 Rd8 33. Qe3 Kg7 34.
Bg3 Rd5 35. Kh2 Qb5 36. Qe4 Rd4 37. Qf5 Qd3 38. Qxd3 Rxd3 39. a4 Rb3 40. c6
bxc6 41. Rxc6 h5 42. Be1 e4 43. fxe4 Rb1 44. Bc3 Bxc3 45. Rxc3 Rxb4 46. Rc5
Rxa4 47. Rxg5+ Kh6 48. Re5 Ra3 49. h4 f6 50. Re6 Kg7 51. e5 fxe5 1/2-1/2

[Event "Frank K Berry ch-USA"]
[Site "Tulsa USA"]
[Date "2008.05.19"]
[Round "7"]
[White "Ippolito, D."]
[Black "Vigorito, D."]
[Result "1/2-1/2"]
[WhiteElo "2425"]
[BlackElo "2405"]
[PlyCount "73"]
[EventDate "2008.05.13"]

1. d4 d5 2. c4 c6 3. Nf3 Nf6 4. Nc3 a6 5. cxd5 cxd5 6. Bf4 Nc6 7. Rc1 Bf5 8. e3
Rc8 9. Be2 e6 10. O-O Bd6 11. Bxd6 Qxd6 12. Na4 O-O 13. Nc5 Rc7 14. Qb3 Qe7 15.
Rc3 Bg4 16. h3 Bxf3 17. Bxf3 e5 18. dxe5 Nxe5 19. Rfc1 Nxf3+ 20. gxf3 d4 21.
exd4 Nh5 22. Nd3 Rd7 23. Rc8 Rxd4 24. Rxf8+ Kxf8 25. Rc8+ Rd8 26. Rxd8+ Qxd8
27. Qxb7 Qxd3 28. Qb8+ Ke7 29. Qe5+ Kf8 30. Qb8+ Ke7 31. Qe5+ Kf8 32. Qxh5 Qb1+
33. Kg2 Qxa2 34. Qc5+ Ke8 35. Qe5+ Kf8 36. Qd6+ Ke8 37. Qe5+ 1/2-1/2

[Event "Frank K Berry ch-USA"]
[Site "Tulsa USA"]
[Date "2008.05.19"]
[Round "7"]
[White "Ivanov, AV USA."]
[Black "Fedorowicz, J."]
[Result "0-1"]
[WhiteElo "2560"]
[BlackElo "2459"]
[PlyCount "128"]
[EventDate "2008.05.13"]

1. e4 c5 2. Nf3 d6 3. d4 cxd4 4. Nxd4 Nf6 5. Nc3 a6 6. g3 e6 7. Bg2 Be7 8. O-O
O-O 9. Be3 Qc7 10. g4 Re8 11. g5 Nfd7 12. f4 Bf8 13. Kh1 Nc6 14. Qd2 Nxd4 15.
Bxd4 b5 16. f5 Ne5 17. f6 Bb7 18. Nd1 g6 19. Ne3 Rad8 20. b3 Nc6 21. Bb2 a5 22.
Rad1 Nb4 23. a3 Na6 24. Qf2 Nc5 25. Qh4 h5 26. gxh6 Kh7 27. Rfe1 Bc6 28. b4
axb4 29. axb4 Na4 30. Bd4 Qb7 31. Ng4 Qc7 32. Ba1 d5 33. exd5 Bxd5 34. Bxd5
Rxd5 35. Rxd5 Qb7 36. Ree5 Nb6 37. Kg1 Nxd5 38. Nf2 Rc8 39. Re2 Rc4 40. Bd4 Nc3
41. Re3 Nd5 42. Re4 Rxc2 43. Nh3 Rc1+ 44. Kf2 Rc2+ 45. Kg1 Rc1+ 46. Kf2 Nc3 47.
Ng5+ Kh8 48. Bxc3 Rxc3 49. Qf4 Qa7+ 50. Kf1 Rc2 51. h4 Qd7 52. Rd4 Qa7 53. Re4
Bxb4 54. Nxf7+ Qxf7 55. Rxb4 Rc5 56. Kg1 Rf5 57. Qb8+ Kh7 58. Rxb5 Qxf6 59.
Qc7+ Kxh6 60. Qc1+ Rf4 61. Rb2 e5 62. Rc2 Qf5 63. Rg2 Qd3 64. Qe1 Qd4+ 0-1

[Event "Frank K Berry ch-USA"]
[Site "Tulsa USA"]
[Date "2008.05.19"]
[Round "7"]
[White "Ludwig, Dan"]
[Black "Pruess, D."]
[Result "0-1"]
[WhiteElo "2357"]
[BlackElo "2425"]
[PlyCount "66"]
[EventDate "2008.05.13"]

1. e4 e6 2. d4 d5 3. Nd2 c5 4. Ngf3 cxd4 5. Nxd4 Nc6 6. Bb5 Bd7 7. Nxc6 Bxc6 8.
Bxc6+ bxc6 9. c4 Nf6 10. Qa4 Qd7 11. e5 Ng8 12. O-O Rb8 13. Qc2 Ne7 14. Nb3 Nf5
15. Bd2 Be7 16. Rac1 O-O 17. cxd5 cxd5 18. Qc6 Qxc6 19. Rxc6 Bd8 20. Rfc1 Bb6
21. Kf1 h5 22. Bb4 Rfe8 23. Bc5 Ne7 24. Bxe7 Rxe7 25. Rc8+ Rxc8 26. Rxc8+ Kh7
27. Rb8 Rc7 28. a4 Rc2 29. a5 Rxf2+ 30. Ke1 Be3 31. Nc1 Rxg2 32. Nd3 Rxh2 33.
b4 h4 0-1

[Event "Frank K Berry ch-USA"]
[Site "Tulsa USA"]
[Date "2008.05.19"]
[Round "7"]
[White "Langer, M USA."]
[Black "Gulko, B."]
[Result "0-1"]
[WhiteElo "2254"]
[BlackElo "2559"]
[PlyCount "61"]
[EventDate "2008.05.13"]

1. e4 c5 2. Nf3 e6 3. d4 cxd4 4. Nxd4 a6 5. Bd3 Bc5 6. Nb3 Be7 7. Qg4 g6 8. O-O
d6 9. Qe2 Nc6 10. Na3 Bf6 11. c3 Bg7 12. f4 b5 13. Nc2 Nf6 14. Be3 O-O 15. a4
bxa4 16. Rxa4 Bb7 17. Nbd4 Nb8 18. Bf2 Nbd7 19. b4 Qc7 20. Ra3 Rfe8 21. Bh4 e5
22. fxe5 Rxe5 23. Nf3 Ree8 24. Nd2 a5 25. bxa5 Rxa5 26. Rxa5 Qxa5 27. Bb5 Rf8
28. Rf3 Qc7 29. Nd4 Ng4 30. Nc4 Nc5 31. Rf1 0-1

[Event "Frank K Berry ch-USA"]
[Site "Tulsa USA"]
[Date "2008.05.19"]
[Round "7"]
[White "Kaufman, La"]
[Black "Shankland, S."]
[Result "1-0"]
[WhiteElo "2365"]
[BlackElo "2296"]
[PlyCount "77"]
[EventDate "2008.05.13"]

1. d4 d5 2. c4 c6 3. Nf3 Nf6 4. Qb3 dxc4 5. Qxc4 Bf5 6. g3 e6 7. Bg2 Nbd7 8.
O-O Be7 9. Nbd2 O-O 10. Qb3 Qb6 11. Nc4 Qxb3 12. axb3 Be4 13. Bf4 c5 14. Bd6
Bxd6 15. Nxd6 Bd5 16. dxc5 Nxc5 17. b4 Na6 18. b5 Nc5 19. Ne5 Ne8 20. e4 Bb3
21. Nxe8 Rfxe8 22. Rfc1 Rec8 23. Ra3 a5 24. Nc6 bxc6 25. Rxc5 a4 26. bxc6 Rd8
27. Ra1 Rd2 28. e5 Rc8 29. c7 Rd7 30. Rac1 Bd5 31. Bxd5 Rxd5 32. Rxd5 exd5 33.
f4 f6 34. Kf2 Kf7 35. Ke3 fxe5 36. fxe5 Ke6 37. Kd4 Kd7 38. Kxd5 Ra8 39. c8=Q+
1-0

[Event "Frank K Berry ch-USA"]
[Site "Tulsa USA"]
[Date "2008.05.20"]
[Round "8"]
[White "Kaufman, La"]
[Black "Ippolito, D."]
[Result "0-1"]
[WhiteElo "2365"]
[BlackElo "2425"]
[PlyCount "164"]
[EventDate "2008.05.13"]

1. d4 Nf6 2. c4 e6 3. Nf3 d5 4. Nc3 dxc4 5. Qa4+ c6 6. Qxc4 b5 7. Qd3 Bb7 8. e4
b4 9. Na4 Nbd7 10. e5 Nd5 11. Bd2 N5b6 12. Qc2 Nxa4 13. Qxa4 c5 14. Bb5 a6 15.
Bc6 Qc8 16. Bxb7 Qxb7 17. O-O Be7 18. dxc5 Bxc5 19. a3 bxa3 20. bxa3 O-O 21.
Rab1 Qa7 22. Qe4 Rfb8 23. Rbd1 Qb7 24. Qf4 Bxa3 25. Ng5 Nf8 26. h4 Bb2 27. h5
h6 28. Ne4 Qe7 29. Qg3 Kh8 30. Bxh6 gxh6 31. Nf6 Nh7 32. Rd7 Bxe5 33. Rxe7 Bxg3
34. fxg3 Ng5 35. Ng4 Kg7 36. Ne5 Rf8 37. Rb7 Rab8 38. Ra7 Rb5 39. Ng6 Rfb8 40.
Nf4 R8b6 41. Ra1 Rb1+ 42. Rxb1 Rxb1+ 43. Kf2 Ra1 44. Ke3 Ra3+ 45. Kd4 Kf6 46.
Ne2 Kf5 47. Ra8 Kg4 48. Rh8 e5+ 49. Kc4 Re3 50. Nc3 Kxh5 51. g4+ Kg6 52. Ra8
Rg3 53. Rxa6+ f6 54. Nd5 Rxg4+ 55. Kb3 Ne4 56. Ra8 Rg3+ 57. Kc4 Kf5 58. Rh8
Nd2+ 59. Kc5 Ne4+ 60. Kc4 Ke6 61. Re8+ Kd7 62. Rf8 Rxg2 63. Nxf6+ Ke7 64. Nh7
Rg7 65. Ra8 Ke6 66. Nf8+ Kf5 67. Ra6 Rc7+ 68. Kb4 Rb7+ 69. Kc4 Rc7+ 70. Kb4 Rf7
71. Ra1 Ng3 72. Ra2 Nh5 73. Ra8 Nf6 74. Kc4 h5 75. Kd3 h4 76. Ke2 h3 77. Kf3
Rg7 78. Ra1 Rg8 79. Rh1 Rxf8 80. Rxh3 Ra8 81. Ke2 Ra2+ 82. Ke1 Ke4 0-1

[Event "Frank K Berry ch-USA"]
[Site "Tulsa USA"]
[Date "2008.05.20"]
[Round "8"]
[White "Galant, S."]
[Black "Gurevich, D."]
[Result "0-1"]
[WhiteElo "2235"]
[BlackElo "2513"]
[PlyCount "74"]
[EventDate "2008.05.13"]

1. e4 d6 2. d4 Nf6 3. Nc3 g6 4. f4 Bg7 5. Nf3 O-O 6. Bc4 Nxe4 7. Nxe4 d5 8. Bd3
dxe4 9. Bxe4 c5 10. c3 cxd4 11. Nxd4 Qb6 12. Nf3 Nd7 13. Qe2 Nf6 14. Be3 Qc7
15. Bc2 Nd5 16. O-O Bd7 17. Rad1 Bb5 18. Bd3 Bxd3 19. Rxd3 Qc4 20. a3 Rad8 21.
Rfd1 Nxf4 22. Bxf4 Rxd3 23. Rxd3 Qxf4 24. Rd7 e5 25. Rxb7 Rd8 26. Rb4 Qc1+ 27.
Kf2 a5 28. Rb7 Qf4 29. Qe3 Qf5 30. Rb5 Bf6 31. Rxa5 g5 32. h3 h5 33. Kg1 Rd1+
34. Kh2 g4 35. Nxe5 Bg5 36. Nc4 Bf4+ 37. g3 Qc2+ 0-1

[Event "Frank K Berry ch-USA"]
[Site "Tulsa USA"]
[Date "2008.05.20"]
[Round "8"]
[White "Fedorowicz, J."]
[Black "Kaidanov, G."]
[Result "1/2-1/2"]
[WhiteElo "2459"]
[BlackElo "2596"]
[PlyCount "29"]
[EventDate "2008.05.13"]

1. e4 e5 2. Nf3 Nc6 3. Bb5 a6 4. Ba4 Nf6 5. d3 d6 6. c3 g6 7. Nbd2 Bg7 8. Nf1
O-O 9. Ng3 b5 10. Bc2 h6 11. O-O d5 12. h3 Be6 13. Be3 dxe4 14. dxe4 Qxd1 15.
Rfxd1 1/2-1/2

[Event "Frank K Berry ch-USA"]
[Site "Tulsa USA"]
[Date "2008.05.20"]
[Round "8"]
[White "Vigorito, D."]
[Black "Langer, M USA."]
[Result "1/2-1/2"]
[WhiteElo "2405"]
[BlackElo "2254"]
[PlyCount "62"]
[EventDate "2008.05.13"]

1. d4 Nf6 2. c4 c5 3. d5 e6 4. Nc3 exd5 5. cxd5 d6 6. e4 g6 7. Bd3 Bg7 8. h3
O-O 9. Nf3 Nh5 10. O-O Nd7 11. Bg5 Bf6 12. Bh6 Bg7 13. Qd2 Re8 14. g4 Nhf6 15.
Rfe1 Bxh6 16. Qxh6 Ne5 17. Nxe5 Rxe5 18. f4 Re8 19. e5 dxe5 20. Bb5 Bd7 21.
fxe5 Bxb5 22. exf6 Qxf6 23. Nxb5 Qxb2 24. Nc7 Qd4+ 25. Kh1 Rxe1+ 26. Rxe1 Rc8
27. Qh4 Qf4 28. Ne8 g5 29. Qh6 Qf3+ 30. Kg1 Qg3+ 31. Kf1 Qf3+ 1/2-1/2

[Event "Frank K Berry ch-USA"]
[Site "Tulsa USA"]
[Date "2008.05.20"]
[Round "8"]
[White "Shankland, S."]
[Black "Ludwig, Dan"]
[Result "1/2-1/2"]
[WhiteElo "2296"]
[BlackElo "2357"]
[PlyCount "106"]
[EventDate "2008.05.13"]

1. e4 c5 2. Nf3 d6 3. d4 cxd4 4. Nxd4 Nf6 5. Nc3 a6 6. f4 Nbd7 7. Bd3 g6 8. Nf3
Bg7 9. O-O O-O 10. Kh1 Nc5 11. Qe1 b5 12. Bd2 b4 13. Nd1 a5 14. Nf2 Bb7 15. a3
b3 16. Bc3 d5 17. e5 Nfe4 18. Bd4 Rc8 19. Qe3 a4 20. c3 Nxd3 21. Qxd3 Qa5 22.
Qe3 f5 23. Rad1 e6 24. Nxe4 dxe4 25. Ne1 Qb5 26. Rg1 g5 27. g3 g4 28. Kg2 Rfd8
29. Kf2 Rd7 30. Ng2 Rcd8 31. Rd2 Ba6 32. Rgd1 Bf8 33. Qe1 Qc6 34. Ne3 Bd3 35.
Qh1 Rc7 36. h3 h5 37. Qg2 Rdd7 38. Rh1 Qb7 39. Rdd1 Rh7 40. Rd2 Qb5 41. h4 Rhd7
42. Rhd1 Rc8 43. Kg1 Be7 44. Qf2 Rb8 45. Kh2 Rbd8 46. Kg1 Rxd4 47. cxd4 Rxd4
48. Kg2 Bc5 49. Rc1 Kf7 50. Qe1 Rd8 51. Nc4 Qc6 52. Kh2 Rd4 53. Nd6+ Ke7
1/2-1/2